000 00411nam a22001337a 4500
082 _a388
_bUNI
_cD
100 _aUnited Nations
_920028
245 _aUnited Nations conference on a convention on international multimodal transport/
260 _aNew York:
_bUnited Nations publication;
_cc1981
300 _a62 p.:
_c24 cm.
526 _a0
_b0
_c0
_d388_000000000000000_UNI
650 _aMCE
_9379
942 _2ddc
_cBK
999 _c543055
_d543055